Loading...
Playing field and equipment manual
| Main Author: | |
|---|---|
| Format: | Printed Book |
| Language: | English |
| Published: |
New Delhi, Sports Publications
1993 |
| Subjects: |
| LEADER | 005080000a22001810004500 | ||
|---|---|---|---|
| 041 | |a eng | ||
| 082 | |a 796.068 N3 | ||
| 100 | |a Kumar, Mukesh |9 122154 | ||
| 245 | |a Playing field and equipment manual | ||
| 260 | |a New Delhi, Sports Publications | ||
| 260 | |a 1993 | ||
| 465 | |a R 95 | ||
| 650 | |a Equipment manual |9 122155 | ||
| 650 | |a Games |9 122156 | ||
| 650 | |a Playing field |9 122157 | ||
| 942 | |c BK | ||
| 999 | |c 168674 |d 168670 | ||
| 952 | |0 0 |1 0 |4 0 |7 0 |9 167094 |a SPS |b SPS |d 2019-04-16 |l 0 |p SPS00431 |r 2019-04-16 |w 2019-04-16 |y BK | ||